Cue for murder
Guardat en:
| Autor principal: | |
|---|---|
| Format: | Llibre |
| Idioma: | anglès |
| Publicat: |
Nueva York
Dell
1942
|
| Col·lecció: | A Basil Willing Murder Mystery, 212
|
| Matèries: | |
| Etiquetes: |
Afegir etiqueta
Sense etiquetes, Sigues el primer a etiquetar aquest registre!
|
MARC
| LEADER | 00000nam a2200000 a 4500 | ||
|---|---|---|---|
| 001 | UCZ8416 | ||
| 003 | CL-VaPUC | ||
| 008 | 960121e19420000US |||||||||||||||||eng|d | ||
| 082 | 0 | 4 | |a 813 |b MCC |2 21 |
| 100 | |a McCloy, Helen |e autora |9 353703 | ||
| 245 | 1 | 0 | |a Cue for murder |
| 300 | |a 240 p | ||
| 942 | |c BK | ||
| 945 | |d 19960121 00:00:00 |a cmena | ||
| 260 | |a Nueva York |b Dell |c 1942 | ||
| 650 | 0 | |a Literatura estadounidense |9 317168 | |
| 650 | 0 | |a Novelas estadounidenses |9 265217 | |
| 583 | |a last modification |c 19960121 00:00:00 |k Rodrigo Vera | ||
| 490 | 0 | |a A Basil Willing Murder Mystery, 212 | |
| 999 | |c 244335 |d 244333 | ||
| 952 | |0 0 |1 0 |4 0 |6 813_000000000000000_MCC_1942 |7 0 |8 P |9 258346 |a BIBEDU |b BIBEDU |c BIBEDU_PB |d 2019-11-19 |i 1618849 |o 813 MCC 1942 |p 1618849 |r 2024-01-25 |w 2019-11-19 |y BK |k FIL | ||